000
00335nam a2200145Ia 4500
005
20251222141920.0
008
251222s9999||||xx |||||||||||||| ||spa||
020
_a
978-84-282-1474-2
082
_a
791.433/I76
100
_a
Irving, David K.
245
0
_a
Cortos en Cine y Video:
250
_a
3a.ed.
264
_b
Omega
942
_c
LIB
999
_c
8682
_d
8682